01351nam a2200337 a 450000500170000000800410001702000180005804000350007604100080011104400070011908200220012610000260014824501370017425000220031126000430033330000340037650400420041065000250045265000230047765000450050065000270054565000610057270000320063370000420066570000370070770000280074470000340077294200150080699900170082195201750083820180803170309.0140815s2012 ec gr 000 0 spa d z9789942090638 aCO-BoBLA cCO-BoBLAdCO-BoIAVH0 aspa aec04a363.73874 bL83m 1 aLohmann, Larryeautor10aMercados de carbono : bla neoliberalización del clima / cLarry Lohmann ; traducción Michelle Báez, María Helena Carbonell. aPrimera edición aQuito : bEdiciones Abya-Yala, c2012. a498 páginas ; c18 x 10 cm. aIncluye referencias bibliográficas.26aCalentamiento global26aCambio climático24aEmisiones de gases de efecto invernadero26aProtección ambiental26aDióxido de carbonoxreducción de emisionesxComercio1 aBáez, Michelleetraductor1 aCarbonell, María Helenaetraductora1 aMontalvo Rueda, Nadeshaeeditora1 aAcosta, Albertoeeditor1 aMartínez, Esperanzaeeditor 2ddccLIBRO c18789d18789 00102ddc40708GENERALIINV2017aBogotabBogotad2016-06-13eInstitutog39000.00l0oLB-363.73874 L83mp040440r2016-06-13 00:00:00tEj. 1w2016-06-13xDonacionyLIBRO